Logos der Fußballnationalmannschaften - Statistiken

Allgemein
  • Dieses Quiz wurde 14.927 mal gespielt
  • Das Durchschnittsergebnis liegt bei 17 aus 20
Antwortstatistiken
Bildquiz Antwort % Korrekt
Deutschland
100%
Italien
100%
Türkei
100%
Belgien
98%
Schweden
97%
Griechenland
96%
England
95%
Spanien
93%
Brasilien
92%
Frankreich
92%
Portugal
92%
Russland
91%
Niederlande
86%
Australien
82%
Peru
78%
Vereinigte Staaten
77%
Uruguay
71%
Ecuador
64%
Vietnam
29%
Südafrika
23%
Keine übereinstimmenden Quizze gefunden
Verteilung der Resultate
Anzahl Personen mit jedem Resultat
Perzentil nach korrekt beantworteten Fragen
Ihre Resultats-Entwicklung
Sie haben dieses Quiz noch nicht gespielt